| 000 | 00350nam a22001457a 4500 | ||
|---|---|---|---|
| 003 | SGT | ||
| 082 |
_a615.53 _bK17S |
||
| 100 | _aSHARMA,PRIYAVRATA | ||
| 245 | _aKAIYADEVA- NIGHANTUH | ||
| 260 |
_aVARANASI _bCHAUKHAMBA PUB _c2017 |
||
| 300 | _a696 | ||
| 650 | _aAYURVEDA | ||
| 653 | _aAYURVEDA NIGHANTU,KAIYADEVA NIGHANTUH, DRUG | ||
| 942 |
_2ddc _cBK _01 |
||
| 999 |
_c16945 _d16945 |
||